[Event "ZH-2016-0-01457"]
[Site "LSS email"]
[Date "2016.04.18"]
[Round "?"]
[White "Verenzuela, Jesus"]
[Black "Kahl, Fred"]
[Result "1/2-1/2"]
[WhiteElo "2107"]
[BlackElo "2335"]
[PlyCount "74"]
[EventDate "2016.04.04"]
[EventType "match (corr)"]
[EventRounds "2"]
[EventCountry "GER"]
[SourceTitle "Corr 2022"]
[Source "ChessBase"]
[SourceDate "2021.10.24"]
[SourceVersion "1"]
[SourceVersionDate "2021.10.24"]
[SourceQuality "1"]

1. b3 e5 2. Bb2 Nc6 3. e3 g6 4. f4 d6 5. Nf3 Bg7 6. fxe5 Nge7 7. Nc3 Nxe5 8. Nxe5 Bxe5 9. Qf3 0-0 10. g4 Be6 11. 0-0-0 a5 12. a4 c6 13. h4 Nd5 14. Nxd5 Bxd5 15. e4 Bxb2+ 16. Kxb2 Be6 17. g5 b5 18. Ra1 d5 19. e5 Qb6 20. h5 Bf5 21. Rh4 Be4 22. Qf4 gxh5 23. Rxh5 Qc5 24. Bd3 Qd4+ 25. Kb1 Rae8 26. Qh4 bxa4 27. Bxe4 Qxe4 28. Rxa4 Qxh4 29. Raxh4 Rxe5 30. Rxh7 Rfe8 31. R7h6 R8e6 32. Rxe6 Rxe6 33. Ra4 Rg6 34. Rxa5 Rxg5 35. c4 f6 36. Ra6 dxc4 37. bxc4 Rc5 1/2-1/2

[Event "RA-2016-0-00436"]
[Site "LSS email"]
[Date "2016.03.05"]
[Round "?"]
[White "Verenzuela, Jesus"]
[Black "Willmann, Bernd"]
[Result "1/2-1/2"]
[WhiteElo "2135"]
[BlackElo "2212"]
[PlyCount "57"]
[EventDate "2016.02.08"]
[EventType "tourn (corr)"]
[EventRounds "6"]
[EventCountry "GER"]
[SourceTitle "Corr 2022"]
[Source "ChessBase"]
[SourceDate "2021.10.24"]
[SourceVersion "1"]
[SourceVersionDate "2021.10.24"]
[SourceQuality "1"]

1. e4 c5 2. Nf3 Nc6 3. Bb5 a6 4. Bxc6 dxc6 5. d3 Bg4 6. h3 Bxf3 7. Qxf3 e6 8. Qg3 Nf6 9. 0-0 Nh5 10. Qe3 e5 11. Qf3 g6 12. a4 Ng7 13. Nd2 b5 14. Nb3 Ne6 15. Be3 Be7 16. axb5 cxb5 17. Nd2 0-0 18. Nb1 Nd4 19. Qd1 f5 20. exf5 gxf5 21. Nd2 Qd6 22. Re1 Ne6 23. Nf3 Bf6 24. Bh6 Rf7 25. c3 Rd7 26. Qe2 Qxd3 27. Nxe5 Qxe2 28. Rxe2 Rd6 29. Rae1 1/2-1/2

[Event "RA-2016-0-00436"]
[Site "LSS email"]
[Date "2016.03.04"]
[Round "?"]
[White "Vaassen, Jack M"]
[Black "Verenzuela, Jesus"]
[Result "1/2-1/2"]
[WhiteElo "2195"]
[BlackElo "2135"]
[PlyCount "54"]
[EventDate "2016.02.08"]
[EventType "tourn (corr)"]
[EventRounds "6"]
[EventCountry "GER"]
[SourceTitle "Corr 2022"]
[Source "ChessBase"]
[SourceDate "2021.10.24"]
[SourceVersion "1"]
[SourceVersionDate "2021.10.24"]
[SourceQuality "1"]

1. c4 Nf6 2. Nc3 e5 3. Nf3 Nc6 4. d4 exd4 5. Nxd4 Bb4 6. Nxc6 bxc6 7. Bg5 Rb8 8. e3 Qe7 9. Bd3 Qe5 10. Bxf6 Qxf6 11. Rc1 Bxc3+ 12. bxc3 Qd6 13. 0-0 0-0 14. Be4 Qe7 15. Bd3 Rb6 16. a4 g6 17. a5 Rb2 18. Rb1 Ra2 19. Ra1 Rxa1 20. Qxa1 Ba6 21. Qb2 Qe5 22. Rb1 d6 23. Be2 Kg7 24. c5 Bxe2 25. Qxe2 Qxc5 26. a6 Qxc3 27. g3 c5 1/2-1/2

[Event "RA-2016-0-00435"]
[Site "LSS email"]
[Date "2016.02.27"]
[Round "?"]
[White "Tylecek, Drahomir"]
[Black "Verenzuela, Jesus"]
[Result "1-0"]
[WhiteElo "2211"]
[BlackElo "2135"]
[PlyCount "89"]
[EventDate "2016.02.05"]
[EventType "tourn (corr)"]
[EventRounds "6"]
[EventCountry "GER"]
[SourceTitle "Corr 2022"]
[Source "ChessBase"]
[SourceDate "2021.10.24"]
[SourceVersion "1"]
[SourceVersionDate "2021.10.24"]
[SourceQuality "1"]

1. d4 Nf6 2. c4 Nc6 3. Nf3 e6 4. a3 d5 5. Nc3 a6 6. e3 Bd6 7. c5 Bf8 8. b4 g6 9. Bb2 Bg7 10. Bd3 0-0 11. 0-0 Re8 12. Rc1 e5 13. Nxe5 Nxe5 14. dxe5 Rxe5 15. c6 bxc6 16. Ne2 Rg5 17. g3 Bh3 18. Re1 c5 19. Rxc5 Nd7 20. Rc2 Bxb2 21. Rxb2 Bg4 22. f4 Rh5 23. Qc1 Bf5 24. Bxf5 Rxf5 25. Rd2 Rh5 26. Nd4 a5 27. e4 c5 28. Nc6 Qf6 29. b5 d4 30. e5 Qe6 31. a4 Kg7 32. Qa3 Qd5 33. Qa2 Qxa2 34. Rxa2 Kf8 35. Kg2 g5 36. f5 Rh6 37. e6 Nb6 38. Rc2 Nxa4 39. Ne5 Kg7 40. Nxf7 Rf6 41. Nd6 Kg8 42. Re5 Raf8 43. g4 Rb8 44. h4 h6 45. Ne4 1-0

[Event "RA-2016-0-00435"]
[Site "LSS email"]
[Date "2016.02.27"]
[Round "?"]
[White "Verenzuela, Jesus"]
[Black "Kahl, Fred"]
[Result "0-1"]
[WhiteElo "2135"]
[BlackElo "2338"]
[PlyCount "58"]
[EventDate "2016.02.05"]
[EventType "tourn (corr)"]
[EventRounds "6"]
[EventCountry "GER"]
[SourceTitle "Corr 2022"]
[Source "ChessBase"]
[SourceDate "2021.10.24"]
[SourceVersion "1"]
[SourceVersionDate "2021.10.24"]
[SourceQuality "1"]

1. e4 e5 2. Nc3 Nc6 3. g3 Bc5 4. Bg2 d6 5. Na4 Bd4 6. Ne2 h5 7. c3 Bxf2+ 8. Kxf2 b5 9. Rf1 h4 10. Kg1 Rb8 11. b4 hxg3 12. hxg3 bxa4 13. d4 Bd7 14. Rb1 a6 15. d5 Nce7 16. c4 Qc8 17. Re1 Nf6 18. Nc3 Bh3 19. Bf3 Bg4 20. Qxa4+ Kf8 21. Bg2 Bh3 22. Bf3 Nf5 23. Ne2 Bg4 24. Qa3 Bxf3 25. Qxf3 Nh6 26. Bxh6 Rxh6 27. Nc3 Qh3 28. Qg2 Qh5 29. Nd1 Ng4 0-1

[Event "RA-2016-0-00430"]
[Site "LSS email"]
[Date "2016.02.02"]
[Round "?"]
[White "Verenzuela, Jesus"]
[Black "Willmann, Bernd"]
[Result "0-1"]
[WhiteElo "2135"]
[BlackElo "2222"]
[PlyCount "130"]
[EventDate "2016.01.09"]
[EventType "tourn (corr)"]
[EventRounds "6"]
[EventCountry "GER"]
[SourceTitle "Corr 2022"]
[Source "ChessBase"]
[SourceDate "2021.10.24"]
[SourceVersion "1"]
[SourceVersionDate "2021.10.24"]
[SourceQuality "1"]

1. e4 c5 2. Nf3 d6 3. c3 Nf6 4. Bb5+ Nbd7 5. d3 a6 6. Ba4 b5 7. Bc2 Bb7 8. 0-0 e6 9. h3 Be7 10. Bf4 Nf8 11. Bh2 Ng6 12. a4 Qb6 13. Nbd2 0-0 14. Re1 Rfc8 15. Qe2 h6 16. Nf1 Rd8 17. Ne3 Rac8 18. Red1 Bc6 19. Nd2 d5 20. axb5 axb5 21. Nf5 Bf8 22. e5 Ne8 23. Ng3 Nc7 24. Rac1 b4 25. c4 Ra8 26. Nb3 Qb7 27. f3 Be7 28. Kh1 Qb6 29. Ra1 Rxa1 30. Rxa1 Ra8 31. Rxa8+ Nxa8 32. Bg1 d4 33. Ne4 Bxe4 34. Qxe4 Qa6 35. f4 Nb6 36. Bd1 Na4 37. Bh5 Nh4 38. Bf2 Nf5 39. Qe2 Nb6 40. Bg4 Qa2 41. Bxf5 exf5 42. Nxd4 cxd4 43. e6 Nc8 44. Bxd4 f6 45. Kh2 Qb1 46. Qd2 b3 47. Qe3 Qf1 48. h4 Kh7 49. Bc3 Bd6 50. g3 Be7 51. h5 Nd6 52. Qd2 Ne8 53. Qe3 Nc7 54. Qa7 Qe2+ 55. Kh1 Bd6 56. Qd4 Bf8 57. e7 Qf3+ 58. Kh2 Bxe7 59. Qa7 Qxh5+ 60. Kg1 Qd1+ 61. Kg2 Qe2+ 62. Kh1 Bd8 63. Qd4 Ne6 64. Qd5 Bb6 65. d4 Kg6 0-1